000 00557nam a2200157Ia 4500
008 240126s9999 xx 000 0 und d
022 _a0973-1873
041 _aEnglish
082 _aLIBRARY-XVIII
245 0 _aInternational Journal of Computational Intelligence Research (2012 -
260 _bResearch India Publications
_aNew Delhi
440 _aNULL
650 _aComputational,Intelligence,(2012,-,Computer Science,Information Science,Computer Applications
650 _aComputer Science, Information Science, Computer Applications
942 _cJN
999 _c277129
_d277129